Liput, joissa on sinistä - Äkkikuolema - Statistics

Yleistilastot
  • Tätä visaa on pelattu 142 kertaa
  • Keskiarvotulos 11 / 20
Answers on the Grid
Answers color-coded by a green-red scale on the quiz's grid according to % correct below.
Afganistan
Albania
Andorra
Angola
Antigua ja Barbuda
Argentiina
Bangladesh
Barbados
Belize
Benin
Brasilia
Fidži
Georgia
Haiti
Indonesia
Islanti
Itävalta
Jamaika
Japani
Kambodža
Kamerun
Kiribati
Kreikka
Kuuba
Kuwait
Latvia
Liberia
Liettua
Madagaskar
Malawi
Malesia
Marokko
Marshallinsaaret
Monaco
Nauru
Nigeria
Oman
Puola
Ranska
Saksa
São Tomé ja Príncipe
Senegal
Slovenia
Tanska
Tonga
Unkari
Valko-Venäjä
Viro
 
Vastaustilastot
Vastaus % Oikein
Islanti
87%
Kreikka
85%
Viro
83%
Ranska
81%
Argentiina
80%
Slovenia
68%
Kuuba
61%
Brasilia
58%
Fidži
55%
Andorra
54%
Belize
49%
Haiti
48%
Kambodža
44%
Nauru
44%
Antigua ja Barbuda
43%
Barbados
43%
Marshallinsaaret
42%
Kiribati
39%
Malesia
39%
Liberia
38%
Ehtoja vastaavia visoja ei löytynyt
Tulosjakauma
Jokaisen tuloksen saaneiden osuus
Persentiili vastausten määrän mukaan
Tuloshistoriasi
Et ole pelannut tätä visaa